JCT : constructing excellence contract 2016. (Record no. 121427)

MARC details
000 -LEADER
fixed length control field 01035cam a22003135i 4500
005 - DATE AND TIME OF LATEST TRANSACTION
control field 20230403162048.0
008 - FIXED-LENGTH DATA ELEMENTS--GENERAL INFORMATION
fixed length control field 230403s2017 enk 000 0 eng d
020 ## - INTERNATIONAL STANDARD BOOK NUMBER
ISBN 9780414058019
041 ## - LANGUAGE CODE
Language code of text/sound track or separate title eng
245 00 - TITLE STATEMENT
Title JCT : constructing excellence contract 2016.
Subtitle CE 2016
264 #1 - PRODUCTION, PUBLICATION, DISTRIBUTION, MANUFACTURE, AND COPYRIGHT NOTICE
Place of production, publication, distribution, manufacture London :
Name of producer, publisher, distributor, manufacturer Thomson Reuters (Professional) UK Limited,
Date of production, publication, distribution, manufacture, or copyright notice 2017.
264 #4 - PRODUCTION, PUBLICATION, DISTRIBUTION, MANUFACTURE, AND COPYRIGHT NOTICE
Date of production, publication, distribution, manufacture, or copyright notice ©2017
300 ## - PHYSICAL DESCRIPTION
Physical description ii, 67 pages ;
Dimensions 30 cm
490 ## - SERIES TITLE
Series statement JCT Contracts 2016
500 ## - GENERAL NOTE
General note Title from cover.
500 ## - GENERAL NOTE
General note "CE 2016"--Cover.
650 #0 - KEYWORDS
Keywords Construction contracts
Geographic subdivision Great Britain.
650 #0 - KEYWORDS
Keywords Building
General subdivision Superintendence
Geographic subdivision Great Britain.
650 #0 - KEYWORDS
Keywords Construction industry
General subdivision Subcontracting
Geographic subdivision Great Britain.
650 #0 - KEYWORDS
Keywords Standardized terms of contract
Geographic subdivision Great Britain.
650 #0 - KEYWORDS
Keywords Buildings
Geographic subdivision Great Britain.
651 ## - SUBJECT ADDED ENTRY--GEOGRAPHIC NAME
Geographic name United Kingdom
710 2# - ADDED CORPORATE NAME
Added corporate author Joint Contracts Tribunal,
Relator term author.
942 ## - ADDED ENTRY ELEMENTS (KOHA)
Suppress in OPAC Do not suppress in OPAC
336 ## - CONTENT TYPE
Content type term text
Source rdacontent
337 ## - MEDIA TYPE
Media type term unmediated
Source rdamedia
338 ## - CARRIER TYPE
Carrier type term volume
Source rdacarrier
Holdings
Lost status Damaged status Not for loan Home library Current library Shelving location Date acquired Total Checkouts Full call number Date last seen Price effective from Koha item type
      London London Boxed set 03/04/2023   JCT CONTRACTS 03/04/2023 03/04/2023 Book